00712nam a2200157Ia 4500008004100000100002200041245012500063245011900188260005300307260001800360300000800378650001500386856006100401999001900462952007300481170221s9999 xx 000 0 und d aYulia V. Nadtochy aEconomic Factors and Conditions for the Transformation of the Education Services Market in the Context of Globalization  cYulia V. Nadtochy, Elena N. Klochko, Marina V. Danilina, Lira K. Gurieva, Ruslan I. Bazhenov, Vladimir V. Bakharev bInternational Review of Management and Marketing cDecember 2015 a4:3 xMarketing. uhttp://www.econjournals.com/index.php/irmm/issue/view/70 c310106d310106 001040aCLbCLd2017-02-21l0r2017-02-21 00:00:00w2017-02-21yFOJ